|
|
|
|
| LEADER |
01035nam a2200289 a 4500 |
| 001 |
000563584 |
| 003 |
CZ BrMZK |
| 005 |
20160906110545.0 |
| 007 |
ta |
| 008 |
000115s2000 xr g p cze d |
| 015 |
|
|
|a cnb002831004
|
| 020 |
|
|
|a 80-7227-081-8
|
| 040 |
|
|
|a BOA001
|b cze
|
| 072 |
|
7 |
|a 821.162.3-1
|x Česká poezie
|2 Konspekt
|9 25
|
| 080 |
|
|
|a 821.162.3-1
|2 MRF
|
| 080 |
|
|
|a (0:82-1)
|2 MRF
|
| 100 |
1 |
|
|a Wernisch, Ivan,
|d 1942-
|7 jk01151615
|
| 245 |
1 |
0 |
|a Cesta do Ašchabadu, neboli, Pumpke a dalajlámové /
|c Ivan Wernisch
|
| 250 |
|
|
|a Vyd. 2. přeprac.
|
| 260 |
|
|
|a Brno :
|b Petrov,
|c 2000
|
| 300 |
|
|
|a 89 s. ;
|c 23 cm
|
| 500 |
|
|
|a Dostupné též v digitální podobě v aplikaci Kramerius
|
| 655 |
|
7 |
|a česká poezie
|7 fd133958
|2 czenas
|
| 856 |
4 |
1 |
|u http://www.digitalniknihovna.cz/mzk/uuid/uuid:b0b85890-78d4-11e6-bb23-005056827e51
|y Digitalizovaný dokument
|x NDK
|
| 910 |
|
|
|a BOA001
|b 2-1086.686
|
| 990 |
|
|
|a BK
|
| 996 |
6 |
|
|b 2610136994
|c 2-1086.686
|l MZK
|r Sklad / do 1 hodiny
|n 6
|p p.v.
|w 000563584
|u 000010
|a 1
|e BOA001
|j MZK50
|s P
|